000 00966cam a2200241 4500
001 WB3727-29
008 000000n2001 000 0 eng u
035 _a(Sirsi) u113576
245 _aLicensing of movements from open grazings for essential husbandry
260 _c2001
490 _aDEFRA News Release
_v(37/01) 5 July 2001, (1)
520 _aA gathering licence scheme to allow movements of cattle, sheep and goats off common grazing land for essential husbandry, such as shearing, dipping, dagging and marking, has been announced. The new scheme will allow for the different gathering practices found in different parts of the country.
590 _aWB
650 _aANIMAL HUSBANDRY
650 _aCATTLE
650 _aSHEEP
650 _aGOATS
650 _aPROPERTY-RURAL AND NATURAL ASSETS-AGRICULTURAL PROPERTY-AGRICULTURAL LAND-GRAZING LAND
650 _aLIVESTOCK MOVEMENT
650 _aLICENCES
690 _aRural
_96268
942 _n0
999 _c67667
_d67667